Arsenal Squad Champions League 2025/2026 - Statistics

General Stats
  • This quiz has been taken 66 times
  • The average score is 21 of 23
Answer Stats
Picture Answer % Correct
David Raya
100%
Kepa Arrizabalaga
100%
Bukayo Saka
95%
Declan Rice
95%
Gabriel Martinelli
95%
Kai Havertz
95%
Noni Madueke
95%
Viktor Gyökeres
95%
William Saliba
95%
Ben White
93%
Eberechi Eze
93%
Gabriel
93%
Jurriën Timber
93%
Leandro Trossard
93%
Martin Ødegaard
93%
Mikel Merino
93%
Riccardo Calafiori
93%
Martin Zubimendi
91%
Cristhian Mosquera
86%
Piero Hincapié
84%
Christian Nørgaard
83%
Max Dowman
79%
Tommy Setford
43%
No matching quizzes found
Score Distribution
Percent of People with Each Score
Percentile by Number Answered
Your Score History
You have not taken this quiz